[Event "World Chess Olympiad 2018"]
[Site "Batumi"]
[Date "2018.10.03"]
[Round "9"]
[Board "3"]
[WhiteFideId "410608"]
[White "Howell David W L"]
[BlackFideId "1506536"]
[Black "Notkevich Benjamin Arvola"]
[Result "1-0"]
[LiveChessVersion "1.4.8"]
[BlackElo "2493"]
[WhiteElo "2689"]

1. c4 {[%clk 1:30:47]} Nf6 {[%clk 1:30:55]} 2. Nf3 {[%clk 1:30:04]} g6
{[%clk 1:31:19]} 3. g3 {[%clk 1:29:55]} Bg7 {[%clk 1:30:41]} 4. Bg2
{[%clk 1:30:08]} O-O {[%clk 1:30:55]} 5. d4 {[%clk 1:28:51]} c6 {[%clk 1:30:58]}
6. Nc3 {[%clk 1:29:07]} d5 {[%clk 1:31:17]} 7. cxd5 {[%clk 1:29:26]} cxd5
{[%clk 1:31:42]} 8. Ne5 {[%clk 1:29:48]} Nc6 {[%clk 1:30:39]} 9. O-O
{[%clk 1:17:40]} e6 {[%clk 1:31:03]} 10. Nxc6 {[%clk 1:07:52]} bxc6
{[%clk 1:30:09]} 11. Bf4 {[%clk 1:08:10]} Nd7 {[%clk 1:24:41]} 12. Qd2
{[%clk 1:02:06]} Qb6 {[%clk 1:17:39]} 13. Rfd1 {[%clk 1:00:18]} e5
{[%clk 1:10:42]} 14. dxe5 {[%clk 0:56:35]} Nxe5 {[%clk 1:09:24]} 15. b3
{[%clk 0:48:09]} Ng4 {[%clk 0:55:49]} 16. e3 {[%clk 0:43:41]} Qd8
{[%clk 0:55:31]} 17. e4 {[%clk 0:34:26]} g5 {[%clk 0:51:22]} 18. Be3
{[%clk 0:28:16]} Nxe3 {[%clk 0:34:03]} 19. Qxe3 {[%clk 0:28:38]} Qf6
{[%clk 0:33:37]} 20. Rac1 {[%clk 0:21:56]} d4 {[%clk 0:29:56]} 21. e5
{[%clk 0:20:40]} Qxe5 {[%clk 0:28:10]} 22. Qxe5 {[%clk 0:21:03]} Bxe5
{[%clk 0:28:36]} 23. Ne4 {[%clk 0:17:44]} f6 {[%clk 0:20:01]} 24. Nc5
{[%clk 0:15:18]} Bg4 {[%clk 0:18:19]} 25. Re1 {[%clk 0:15:12]} Bd6
{[%clk 0:10:54]} 26. Re4 {[%clk 0:11:00]} d3 {[%clk 0:07:35]} 27. Nxd3
{[%clk 0:08:37]} Bf5 {[%clk 0:07:59]} 28. Re3 {[%clk 0:04:45]} Rae8
{[%clk 0:05:35]} 29. Rce1 {[%clk 0:01:28]} Rxe3 {[%clk 0:04:32]} 30. Rxe3
{[%clk 0:01:56]} Rd8 {[%clk 0:02:26]} 31. Bxc6 {[%clk 0:01:31]} Bxg3
{[%clk 0:00:48]} 32. hxg3 {[%clk 0:00:36]} Bxd3 {[%clk 0:01:00]} 33. Re7
{[%clk 0:00:43]} a6 {[%clk 0:01:16]} 34. Bf3 {[%clk 0:00:37]} Bb1
{[%clk 0:01:12]} 35. a4 {[%clk 0:00:33]} Bc2 {[%clk 0:00:45]} 36. Rb7
{[%clk 0:00:40]} Rd2 {[%clk 0:00:47]} 37. a5 {[%clk 0:00:51]} Bd1
{[%clk 0:00:50]} 38. Be4 {[%clk 0:00:40]} Rd4 {[%clk 0:00:53]} 39. Bc6
{[%clk 0:00:36]} g4 {[%clk 0:00:35]} 40. b4 {[%clk 0:30:50]} Be2 {[%clk 0:30:34]}
41. b5 {[%clk 0:06:06]} Rd6 {[%clk 0:30:59]} 42. b6 {[%clk 0:00:47]} Rxc6
{[%clk 0:31:22]} 43. Rc7 {[%clk 0:01:14]} Rd6 {[%clk 0:31:39]} 44. b7
{[%clk 0:01:36]} Rd1+ {[%clk 0:32:05]} 45. Kh2 {[%clk 0:02:03]} Rb1
{[%clk 0:32:28]} 46. Rc8+ {[%clk 0:02:16]} Kg7 {[%clk 0:32:43]} 47. b8=Q
{[%clk 0:02:39]} Rxb8 {[%clk 0:33:09]} 48. Rxb8 {[%clk 0:03:03]} h5
{[%clk 0:23:07]} 49. Kg2 {[%clk 0:00:52]} Kg6 {[%clk 0:22:27]} 50. Rb2
{[%clk 0:01:05]} Bc4 {[%clk 0:20:43]} 51. f4 {[%clk 0:00:45]} gxf3+
{[%clk 0:08:31]} 52. Kxf3 {[%clk 0:01:10]} Kg5 {[%clk 0:08:15]} 53. Rd2
{[%clk 0:01:35]} Be6 {[%clk 0:07:50]} 54. Rd6 {[%clk 0:01:12]} Bc4
{[%clk 0:08:14]} 55. Rd4 {[%clk 0:00:46]} Be6 {[%clk 0:08:37]} 56. Ke3
{[%clk 0:01:09]} Kf5 {[%clk 0:04:57]} 57. Rd6 {[%clk 0:00:55]} Bc4
{[%clk 0:05:12]} 58. Rc6 {[%clk 0:01:21]} Bf1 {[%clk 0:04:45]} 59. Kf2
{[%clk 0:01:13]} Bd3 {[%clk 0:05:10]} 60. Ke3 {[%clk 0:01:31]} Bf1
{[%clk 0:05:36]} 61. Kf3 {[%clk 0:01:40]} Kg6 {[%clk 0:02:44]} 62. Rc5
{[%clk 0:01:49]} Bd3 {[%clk 0:02:57]} 63. Ke3 {[%clk 0:01:18]} Bf1
{[%clk 0:03:21]} 64. Kd4 {[%clk 0:00:38]} Be2 {[%clk 0:03:26]} 65. Ke4
{[%clk 0:00:47]} Bf1 {[%clk 0:03:45]} 66. Ke3 {[%clk 0:00:49]} Bg2
{[%clk 0:03:42]} 67. Kd4 {[%clk 0:00:49]} Bf1 {[%clk 0:04:00]} 68. Rd5
{[%clk 0:00:38]} Bg2 {[%clk 0:03:37]} 69. Rd6 {[%clk 0:00:35]} Bf1
{[%clk 0:04:01]} 70. Ke4 {[%clk 0:00:45]} Bg2+ {[%clk 0:04:11]} 71. Kf4
{[%clk 0:00:36]} Bf1 {[%clk 0:04:34]} 72. Rd4 {[%clk 0:00:55]} Bb5
{[%clk 0:04:45]} 73. Rd5 {[%clk 0:00:46]} Bf1 {[%clk 0:05:03]} 74. Kf3
{[%clk 0:01:02]} Bc4 {[%clk 0:05:19]} 75. Rc5 {[%clk 0:01:24]} Bd3
{[%clk 0:05:24]} 76. Kg2 {[%clk 0:01:47]} Bf5 {[%clk 0:05:21]} 77. Kh2
{[%clk 0:01:50]} Kg5 {[%clk 0:04:29]} 78. Rd5 {[%clk 0:02:08]} Kg6
{[%clk 0:03:53]} 79. Rd6 {[%clk 0:02:34]} Bc8 {[%clk 0:04:18]} 80. Kg2
{[%clk 0:02:51]} Kf5 {[%clk 0:03:19]} 81. Kf3 {[%clk 0:02:04]} Kg5
{[%clk 0:03:32]} 82. Ke3 {[%clk 0:01:09]} Kg4 {[%clk 0:02:13]} 83. Rc6
{[%clk 0:00:58]} Bb7 {[%clk 0:02:14]} 84. Rb6 {[%clk 0:01:09]} Bc8
{[%clk 0:02:31]} 85. Rc6 {[%clk 0:01:08]} Bb7 {[%clk 0:02:55]} 86. Rxf6
{[%clk 0:01:17]} Kxg3 {[%clk 0:03:19]} 87. Rg6+ {[%clk 0:01:36]} Kh3
{[%clk 0:03:34]} 88. Kf4 {[%clk 0:01:56]} h4 {[%clk 0:02:14]} 89. Rh6
{[%clk 0:01:45]} Bc8 {[%clk 0:01:31]} 90. Kg5 {[%clk 0:01:48]} Kg3
{[%clk 0:01:55]} 91. Rxh4 {[%clk 0:02:12]} Bd7 {[%clk 0:01:36]} 92. Rd4
{[%clk 0:00:37]} Bc6 {[%clk 0:01:33]} 93. Rd3+ {[%clk 0:00:52]} Kf2
{[%clk 0:01:48]} 94. Kf4 {[%clk 0:01:13]} Ke2 {[%clk 0:02:11]} 95. Rb3
{[%clk 0:00:41]} Bd5 {[%clk 0:02:16]} 96. Rb6 {[%clk 0:01:02]} Bc4
{[%clk 0:01:51]} 97. Ke4 {[%clk 0:01:27]} Kd2 {[%clk 0:00:44]} 98. Kd4
{[%clk 0:01:52]} Bd3 {[%clk 0:00:38]} 99. Rb2+ {[%clk 0:02:12]} Bc2
{[%clk 0:01:04]} 100. Kc5 {[%clk 0:02:34]} Kc3 {[%clk 0:01:25]} 101. Rxc2+
{[%clk 0:02:59]} 1-0

[Event "World Chess Olympiad 2018"]
[Site "Batumi"]
[Date "2018.10.03"]
[Round "9"]
[Board "4"]
[WhiteFideId "1509500"]
[White "Salomon Johan"]
[BlackFideId "409561"]
[Black "Jones Gawain C B"]
[Result "0-1"]
[LiveChessVersion "1.4.8"]
[BlackElo "2677"]
[WhiteElo "2477"]

1. e4 {[%clk 1:30:57]} e5 {[%clk 1:30:47]} 2. Nf3 {[%clk 1:31:20]} Nc6
{[%clk 1:31:11]} 3. Bc4 {[%clk 1:31:42]} Nf6 {[%clk 1:31:28]} 4. d3
{[%clk 1:32:07]} Be7 {[%clk 1:31:52]} 5. Nc3 {[%clk 1:32:22]} d6 {[%clk 1:31:32]}
6. a3 {[%clk 1:32:16]} O-O {[%clk 1:30:06]} 7. h3 {[%clk 1:29:57]} Be6
{[%clk 1:23:46]} 8. Nd5 {[%clk 1:29:25]} Bxd5 {[%clk 1:18:33]} 9. exd5
{[%clk 1:29:39]} Nd4 {[%clk 1:18:23]} 10. Nxd4 {[%clk 1:15:41]} exd4
{[%clk 1:18:51]} 11. O-O {[%clk 1:15:48]} Nd7 {[%clk 1:17:39]} 12. Bd2
{[%clk 1:09:07]} Bf6 {[%clk 1:15:25]} 13. a4 {[%clk 1:00:15]} a5 {[%clk 1:09:54]}
14. g3 {[%clk 0:54:21]} Qc8 {[%clk 1:04:52]} 15. Kg2 {[%clk 0:52:04]} c6
{[%clk 1:03:19]} 16. Bb3 {[%clk 0:45:41]} Nc5 {[%clk 1:02:39]} 17. Bc4
{[%clk 0:43:51]} Nd7 {[%clk 1:01:47]} 18. Bb3 {[%clk 0:43:48]} Nc5
{[%clk 1:00:18]} 19. Bc4 {[%clk 0:43:35]} Qc7 {[%clk 0:54:15]} 20. Re1
{[%clk 0:41:50]} Nxa4 {[%clk 0:52:29]} 21. Rxa4 {[%clk 0:36:26]} b5
{[%clk 0:51:43]} 22. Rxa5 {[%clk 0:29:35]} Rxa5 {[%clk 0:50:43]} 23. Bxa5
{[%clk 0:29:59]} Qxa5 {[%clk 0:51:08]} 24. Bb3 {[%clk 0:30:25]} c5
{[%clk 0:51:24]} 25. Qe2 {[%clk 0:28:05]} g6 {[%clk 0:47:41]} 26. h4
{[%clk 0:26:48]} h5 {[%clk 0:44:48]} 27. Rd1 {[%clk 0:24:54]} Kg7
{[%clk 0:41:51]} 28. Rb1 {[%clk 0:23:28]} Rc8 {[%clk 0:35:39]} 29. Qf1
{[%clk 0:20:02]} Qb4 {[%clk 0:27:09]} 30. Qe1 {[%clk 0:14:25]} Qxe1
{[%clk 0:27:27]} 31. Rxe1 {[%clk 0:14:50]} c4 {[%clk 0:27:51]} 32. dxc4
{[%clk 0:14:39]} bxc4 {[%clk 0:28:12]} 33. Ba4 {[%clk 0:11:07]} Rb8
{[%clk 0:27:04]} 34. b3 {[%clk 0:10:44]} d3 {[%clk 0:20:16]} 35. bxc4
{[%clk 0:09:41]} d2 {[%clk 0:20:19]} 36. Rd1 {[%clk 0:10:06]} Bc3
{[%clk 0:20:39]} 37. Kf3 {[%clk 0:05:29]} Ra8 {[%clk 0:19:36]} 38. Bc6
{[%clk 0:05:20]} Ra2 {[%clk 0:19:00]} 39. c5 {[%clk 0:02:25]} dxc5
{[%clk 0:18:07]} 40. d6 {[%clk 0:32:31]} Kf6 {[%clk 0:44:40]} 41. Ke2
{[%clk 0:15:58]} Rxc2 {[%clk 0:35:15]} 42. d7 {[%clk 0:13:54]} Ke7
{[%clk 0:32:32]} 43. Bd5 {[%clk 0:14:18]} Rb2 {[%clk 0:25:54]} 44. Bxf7
{[%clk 0:11:42]} Rb6 {[%clk 0:26:12]} 45. Kd3 {[%clk 0:11:02]} Ba5
{[%clk 0:22:07]} 46. Be8 {[%clk 0:10:53]} Rd6+ {[%clk 0:20:37]} 47. Kc2
{[%clk 0:10:26]} c4 {[%clk 0:20:29]} 48. Ra1 {[%clk 0:07:08]} c3 {[%clk 0:18:14]}
49. Bxg6 {[%clk 0:06:51]} Rxg6 {[%clk 0:16:23]} 50. Rxa5 {[%clk 0:07:13]} Rd6
{[%clk 0:16:33]} 51. Ra1 {[%clk 0:06:38]} Kxd7 {[%clk 0:16:20]} 52. f3
{[%clk 0:06:19]} Ke6 {[%clk 0:16:00]} 53. g4 {[%clk 0:04:54]} Ke5
{[%clk 0:15:09]} 54. gxh5 {[%clk 0:03:42]} Kd4 {[%clk 0:11:21]} 55. h6
{[%clk 0:02:13]} Rxh6 {[%clk 0:10:41]} 56. Ra8 {[%clk 0:01:33]} Re6
{[%clk 0:06:07]} 57. Rd8+ {[%clk 0:01:50]} Kc4 {[%clk 0:06:30]} 58. Rc8+
{[%clk 0:01:52]} Kb4 {[%clk 0:06:46]} 59. Rb8+ {[%clk 0:02:14]} Ka5
{[%clk 0:07:07]} 60. Ra8+ {[%clk 0:01:35]} Kb6 {[%clk 0:07:27]} 61. Rb8+
{[%clk 0:01:58]} Ka6 {[%clk 0:07:04]} 62. Ra8+ {[%clk 0:02:04]} Kb7
{[%clk 0:07:23]} 63. Ra1 {[%clk 0:02:05]} Re1 {[%clk 0:07:28]} 64. Rd1
{[%clk 0:02:30]} Kc6 {[%clk 0:07:41]} 65. h5 {[%clk 0:02:56]} Kc5
{[%clk 0:07:46]} 66. h6 {[%clk 0:03:14]} Kc4 {[%clk 0:08:01]} 0-1

[Event "World Chess Olympiad 2018"]
[Site "Batumi"]
[Date "2018.10.03"]
[Round "9"]
[Board "1"]
[WhiteFideId "813192"]
[White "Vocaturo Daniele"]
[BlackFideId "14109603"]
[Black "Karjakin Sergey"]
[Result "0-1"]
[LiveChessVersion "1.4.8"]
[BlackElo "2760"]
[WhiteElo "2615"]

1. e4 {[%clk 1:30:54]} e5 {[%clk 1:30:53]} 2. Nf3 {[%clk 1:31:01]} Nc6
{[%clk 1:31:19]} 3. Bc4 {[%clk 1:31:09]} Bc5 {[%clk 1:31:39]} 4. c3
{[%clk 1:31:07]} Nf6 {[%clk 1:32:02]} 5. d3 {[%clk 1:31:32]} d6 {[%clk 1:32:19]}
6. O-O {[%clk 1:30:26]} a6 {[%clk 1:32:23]} 7. Bb3 {[%clk 1:28:45]} h6
{[%clk 1:28:29]} 8. Re1 {[%clk 1:27:12]} O-O {[%clk 1:28:50]} 9. Nbd2
{[%clk 1:26:32]} Re8 {[%clk 1:19:48]} 10. Nf1 {[%clk 1:24:59]} Ba7
{[%clk 1:20:07]} 11. h3 {[%clk 1:18:06]} Be6 {[%clk 1:20:13]} 12. N3h2
{[%clk 1:16:45]} d5 {[%clk 1:13:46]} 13. Qf3 {[%clk 1:16:22]} d4 {[%clk 1:05:15]}
14. Ng3 {[%clk 1:14:00]} Bc5 {[%clk 0:59:45]} 15. Nf5 {[%clk 1:06:38]} Bf8
{[%clk 0:59:25]} 16. Ng4 {[%clk 1:05:28]} Nxg4 {[%clk 0:58:17]} 17. hxg4
{[%clk 1:05:44]} Bxb3 {[%clk 0:55:04]} 18. axb3 {[%clk 1:06:08]} Re6
{[%clk 0:55:31]} 19. Qg3 {[%clk 0:57:39]} Be7 {[%clk 0:48:48]} 20. f4
{[%clk 0:34:15]} Bf6 {[%clk 0:46:40]} 21. c4 {[%clk 0:34:35]} exf4
{[%clk 0:46:22]} 22. Bxf4 {[%clk 0:34:53]} Be5 {[%clk 0:46:46]} 23. Bxe5
{[%clk 0:34:10]} Rxe5 {[%clk 0:42:06]} 24. b4 {[%clk 0:31:32]} Rc8
{[%clk 0:36:49]} 25. Rf1 {[%clk 0:25:02]} Qg5 {[%clk 0:34:12]} 26. Rae1
{[%clk 0:19:32]} g6 {[%clk 0:23:27]} 27. Nh4 {[%clk 0:18:11]} Re6
{[%clk 0:23:52]} 28. Nf3 {[%clk 0:17:16]} Qe7 {[%clk 0:24:19]} 29. Qf4
{[%clk 0:14:47]} g5 {[%clk 0:22:27]} 30. Qf5 {[%clk 0:13:14]} Re8
{[%clk 0:19:03]} 31. e5 {[%clk 0:11:41]} b5 {[%clk 0:14:09]} 32. Re4
{[%clk 0:08:36]} bxc4 {[%clk 0:11:16]} 33. dxc4 {[%clk 0:08:59]} d3
{[%clk 0:11:42]} 34. Re3 {[%clk 0:07:20]} Nxb4 {[%clk 0:10:16]} 35. Kh1
{[%clk 0:07:07]} Rf6 {[%clk 0:09:08]} 36. Qe4 {[%clk 0:05:53]} Rf4
{[%clk 0:09:26]} 37. Qb7 {[%clk 0:06:17]} c6 {[%clk 0:06:42]} 38. Qb6
{[%clk 0:06:38]} Rxc4 {[%clk 0:07:05]} 39. e6 {[%clk 0:05:44]} fxe6
{[%clk 0:05:50]} 40. Re5 {[%clk 0:36:07]} Rxg4 {[%clk 0:34:32]} 41. Rfe1
{[%clk 0:35:28]} Qd6 {[%clk 0:22:37]} 42. Qb7 {[%clk 0:35:49]} Rf4
{[%clk 0:19:38]} 43. Nxg5 {[%clk 0:34:37]} Re7 {[%clk 0:19:07]} 0-1

[Event "World Chess Olympiad 2018"]
[Site "Batumi"]
[Date "2018.10.03"]
[Round "9"]
[Board "2"]
[WhiteFideId "4168119"]
[White "Nepomniachtchi Ian"]
[BlackFideId "865834"]
[Black "Moroni Luca Jr"]
[Result "1/2-1/2"]
[LiveChessVersion "1.4.8"]
[BlackElo "2547"]
[WhiteElo "2768"]

1. e4 {[%clk 1:30:46]} e5 {[%clk 1:30:57]} 2. Nf3 {[%clk 1:31:12]} Nc6
{[%clk 1:31:25]} 3. Bb5 {[%clk 1:31:33]} a6 {[%clk 1:31:51]} 4. Ba4
{[%clk 1:31:59]} Nf6 {[%clk 1:32:18]} 5. O-O {[%clk 1:32:22]} Be7
{[%clk 1:32:18]} 6. d3 {[%clk 1:32:30]} b5 {[%clk 1:32:42]} 7. Bb3
{[%clk 1:32:54]} d6 {[%clk 1:30:41]} 8. a3 {[%clk 1:33:18]} O-O {[%clk 1:31:07]}
9. Nc3 {[%clk 1:33:32]} Rb8 {[%clk 1:31:35]} 10. Be3 {[%clk 1:29:11]} Na5
{[%clk 1:31:21]} 11. Ba2 {[%clk 1:28:07]} c5 {[%clk 1:31:47]} 12. b4
{[%clk 1:27:10]} Nc6 {[%clk 1:32:08]} 13. bxc5 {[%clk 1:20:22]} dxc5
{[%clk 1:32:27]} 14. Nd5 {[%clk 1:20:44]} Qd6 15. c3 {[%clk 1:17:04]} Be6
{[%clk 1:20:52]} 16. Nxe7+ {[%clk 1:11:29]} Qxe7 {[%clk 1:19:23]} 17. Bxe6
{[%clk 1:11:50]} fxe6 {[%clk 1:19:47]} 18. a4 {[%clk 1:08:35]} b4
{[%clk 1:03:44]} 19. cxb4 {[%clk 1:06:33]} cxb4 {[%clk 0:58:30]} 20. Rc1
{[%clk 1:05:52]} Rfc8 {[%clk 0:55:21]} 21. Qb3 {[%clk 1:05:31]} Nd7
{[%clk 0:51:42]} 22. h3 {[%clk 0:57:26]} h6 {[%clk 0:44:28]} 23. Rfd1
{[%clk 0:51:52]} Kh7 {[%clk 0:38:37]} 24. Qb2 {[%clk 0:48:55]} a5
{[%clk 0:26:35]} 25. Rc4 {[%clk 0:47:24]} Qd6 {[%clk 0:26:27]} 26. Qb1
{[%clk 0:41:03]} Ne7 {[%clk 0:23:10]} 27. Nd2 {[%clk 0:37:11]} Nb6
{[%clk 0:19:37]} 28. Bxb6 {[%clk 0:36:19]} Qxb6 {[%clk 0:20:05]} 29. Qb2
{[%clk 0:35:21]} Ng6 {[%clk 0:13:12]} 30. Nb3 {[%clk 0:30:02]} Rxc4
{[%clk 0:10:48]} 31. dxc4 {[%clk 0:30:26]} Qc6 {[%clk 0:10:39]} 32. Nxa5
{[%clk 0:27:14]} Qxa4 {[%clk 0:09:13]} 33. Nb3 {[%clk 0:27:27]} Qa8
{[%clk 0:07:12]} 34. Qc2 {[%clk 0:27:24]} Rd8 {[%clk 0:06:47]} 35. Rxd8
{[%clk 0:26:45]} Qxd8 {[%clk 0:07:16]} 36. c5 {[%clk 0:27:07]} Ne7
{[%clk 0:04:29]} 37. Qc4 {[%clk 0:26:26]} Qd1+ {[%clk 0:03:24]} 38. Kh2
{[%clk 0:26:47]} Qe1 {[%clk 0:00:32]} 39. Qxe6 {[%clk 0:15:02]} Qxf2
{[%clk 0:00:35]} 40. Qxe5 {[%clk 0:44:56]} Ng6 {[%clk 0:30:31]} 41. Qf5
{[%clk 0:40:22]} Qxf5 {[%clk 0:12:56]} 42. exf5 {[%clk 0:40:07]} Ne7
{[%clk 0:13:13]} 43. Kg3 {[%clk 0:40:10]} Nxf5+ {[%clk 0:12:35]} 44. Kf4
{[%clk 0:40:35]} Ne7 {[%clk 0:11:58]} 45. Ke5 {[%clk 0:40:44]} Kg6
{[%clk 0:12:01]} 46. Ke6 {[%clk 0:39:14]} Nc6 {[%clk 0:10:51]} 47. Kd6
{[%clk 0:39:15]} Nb8 {[%clk 0:10:12]} 48. Nd4 {[%clk 0:35:25]} Kg5
{[%clk 0:08:50]} 49. g3 {[%clk 0:35:09]} h5 {[%clk 0:08:39]} 50. Kd5
{[%clk 0:35:19]} h4 {[%clk 0:07:48]} 51. Nf3+ {[%clk 0:35:01]} Kf6
{[%clk 0:08:13]} 52. Nxh4 {[%clk 0:34:35]} g5 {[%clk 0:08:33]} 53. Nf3
{[%clk 0:34:00]} g4 {[%clk 0:08:42]} 54. hxg4 {[%clk 0:33:38]} b3
{[%clk 0:09:07]} 55. Nd2 {[%clk 0:30:06]} b2 {[%clk 0:09:23]} 56. Kd4
{[%clk 0:30:30]} Kg5 {[%clk 0:07:28]} 57. Kc3 {[%clk 0:30:55]} Kxg4
{[%clk 0:06:56]} 58. Kxb2 {[%clk 0:31:20]} Kxg3 {[%clk 0:07:02]} 59. Kb3
{[%clk 0:31:40]} Kf4 {[%clk 0:06:51]} 60. Ka4 {[%clk 0:32:03]} Ke5
{[%clk 0:06:32]} 61. Kb5 {[%clk 0:32:23]} Ke6 {[%clk 0:06:27]} 62. Ne4
{[%clk 0:31:14]} Ke7 {[%clk 0:05:33]} 63. Ng5 {[%clk 0:31:03]} Nd7
{[%clk 0:02:46]} 64. c6 {[%clk 0:31:28]} Ne5 {[%clk 0:03:13]} 65. c7
{[%clk 0:31:50]} Kd7 {[%clk 0:03:41]} 66. Ne6 {[%clk 0:32:10]} Kc8
{[%clk 0:02:39]} 67. Kc5 {[%clk 0:32:19]} Nd7+ {[%clk 0:01:55]} 68. Kc6
{[%clk 0:32:38]} Nb8+ {[%clk 0:01:02]} 69. Kb6 {[%clk 0:32:49]} Nd7+
{[%clk 0:01:27]} 70. Kc6 {[%clk 0:33:14]} Nb8+ {[%clk 0:01:54]} 71. cxb8=N
{[%clk 0:33:37]} Kxb8 {[%clk 0:02:19]} 1/2-1/2

[Event "World Chess Olympiad 2018"]
[Site "Batumi"]
[Date "2018.10.03"]
[Round "9"]
[Board "3"]
[WhiteFideId "813613"]
[White "Brunello Sabino"]
[BlackFideId "4101588"]
[Black "Kramnik Vladimir"]
[Result "1/2-1/2"]
[LiveChessVersion "1.4.8"]
[BlackElo "2779"]
[WhiteElo "2552"]

1. d4 {[%clk 1:30:57]} Nf6 {[%clk 1:30:54]} 2. c4 {[%clk 1:31:20]} e6
{[%clk 1:31:18]} 3. Nf3 {[%clk 1:31:29]} b6 {[%clk 1:31:42]} 4. g3
{[%clk 1:31:23]} Bb7 {[%clk 1:32:06]} 5. Bg2 {[%clk 1:31:45]} Be7
{[%clk 1:32:32]} 6. O-O {[%clk 1:24:47]} O-O {[%clk 1:32:53]} 7. Nc3
{[%clk 1:23:25]} Ne4 {[%clk 1:33:13]} 8. Qc2 {[%clk 1:09:00]} Nxc3
{[%clk 1:33:32]} 9. Qxc3 {[%clk 1:09:27]} d6 {[%clk 1:33:46]} 10. Qc2
{[%clk 1:06:56]} f5 {[%clk 1:31:55]} 11. d5 {[%clk 0:59:18]} e5 {[%clk 1:32:13]}
12. e4 {[%clk 0:58:30]} Bc8 {[%clk 1:31:50]} 13. Qe2 {[%clk 0:52:25]} Na6
{[%clk 1:28:01]} 14. exf5 {[%clk 0:46:56]} Bxf5 {[%clk 1:25:22]} 15. Nd2
{[%clk 0:47:08]} Nc5 {[%clk 1:22:23]} 16. Ne4 {[%clk 0:46:51]} a5
{[%clk 1:21:50]} 17. Nxc5 {[%clk 0:38:53]} bxc5 {[%clk 1:22:14]} 18. Bd2
{[%clk 0:38:44]} a4 {[%clk 1:15:45]} 19. Be4 {[%clk 0:35:26]} g6 {[%clk 1:11:19]}
20. b4 {[%clk 0:28:51]} axb3 {[%clk 1:10:03]} 21. axb3 {[%clk 0:28:51]} Rb8
{[%clk 1:08:31]} 22. Rab1 {[%clk 0:26:25]} Bg5 {[%clk 0:53:10]} 23. Bxf5
{[%clk 0:15:27]} gxf5 {[%clk 0:52:53]} 24. f4 {[%clk 0:15:14]} exf4
{[%clk 0:52:31]} 25. Bxf4 {[%clk 0:15:29]} Qf6 {[%clk 0:48:36]} 26. Bxg5
{[%clk 0:13:26]} Qxg5 {[%clk 0:47:23]} 27. Rf4 {[%clk 0:13:42]} Rbe8
{[%clk 0:46:52]} 28. Qd3 {[%clk 0:09:47]} Re5 {[%clk 0:43:44]} 29. Rbf1
{[%clk 0:07:28]} h5 {[%clk 0:38:26]} 30. Kg2 {[%clk 0:06:43]} Kg7
{[%clk 0:35:37]} 31. R1f2 {[%clk 0:06:31]} Kg6 {[%clk 0:29:42]} 32. R2f3
{[%clk 0:06:00]} Ra8 {[%clk 0:25:49]} 33. Rf2 {[%clk 0:06:05]} Rf8
{[%clk 0:21:38]} 34. h4 {[%clk 0:04:14]} Qf6 {[%clk 0:21:34]} 35. Qc2
{[%clk 0:03:44]} Kg7 {[%clk 0:20:29]} 36. Qd3 {[%clk 0:04:02]} Qg6
{[%clk 0:20:02]} 37. Qc3 {[%clk 0:03:52]} Kh7 {[%clk 0:19:35]} 38. Qd3
{[%clk 0:03:07]} Kg8 {[%clk 0:15:29]} 39. Qf3 {[%clk 0:03:18]} Qe8
{[%clk 0:15:11]} 40. Qd1 {[%clk 0:33:20]} Rf6 {[%clk 0:36:02]} 41. Qc2
{[%clk 0:30:36]} Kg7 {[%clk 0:30:16]} 42. Kh2 {[%clk 0:25:35]} Rf7
{[%clk 0:26:51]} 43. Qb2 {[%clk 0:14:31]} Kg6 {[%clk 0:25:26]} 44. b4
{[%clk 0:14:37]} cxb4 {[%clk 0:22:10]} 45. Qxb4 {[%clk 0:15:01]} Re2
{[%clk 0:20:47]} 46. Qb1 {[%clk 0:08:17]} Re1 {[%clk 0:15:23]} 47. Qc2
{[%clk 0:08:20]} Qe5 {[%clk 0:14:59]} 48. Kg2 {[%clk 0:07:07]} Re3
{[%clk 0:11:23]} 49. Kh2 {[%clk 0:04:33]} Re4 {[%clk 0:05:57]} 50. Qd2
{[%clk 0:04:43]} Kg7 {[%clk 0:02:10]} 51. Qd1 {[%clk 0:04:55]} Kg6
{[%clk 0:02:04]} 52. Qd2 {[%clk 0:05:19]} Rf6 {[%clk 0:01:56]} 53. Qa5
{[%clk 0:04:40]} Qe7 {[%clk 0:02:00]} 54. Qd2 {[%clk 0:04:30]} Rf7
{[%clk 0:00:51]} 55. Qc1 {[%clk 0:02:14]} Qe5 {[%clk 0:01:04]} 1/2-1/2